000 00746nam a2200229Ia 4500
001 9129
003 GE_BSU
008 181216s||||||||xx |||||||||||||| ||und||
040 _cGE_BSU
080 _a821.353.1-32
100 _aვაჟა-ფშაველა
245 _aტომი: მეექვსე
245 _bმოთხრობები
245 _cალ.აბაშელის რედაქციით
260 _aტფილისი.
260 _bსახელგამი
260 _c1939
300 _a560გვ;23სმ
300 _bდანართი:შენიშვნები და ბიბლოგრაფ:გვ;543-555
653 _aმოთხრობები
942 _cBK
999 _c42433
_d42433